000 00901cam a22002891a 4500
999 _c5955
_d5955
001 15882912
003 OSt
005 20191011152558.0
008 090825s2011 paua b 001 0 eng
010 _a 2009035327
020 _a9788131244661
035 _a(DNLM)101513815
040 _aDNLM/DLC
_cDLC
_dDLC
050 0 0 _aQP34.5
_b.G9 2011
082 0 0 _aQT4 H14g 2016
_222
100 1 _aHall, John E.
_912358
245 1 0 _aGuyton and Hall Textbook of Medical Physiology
250 _a2nd. ed.
260 _aBangalore :
_bElsevier,
_c2016.
300 _axix, 927 p. :
_bcol.ill ;
_c29 cm.
504 _aIncludes bibliographical references and index.
650 0 _aHuman physiology.
_9133
730 0 _aTextbook of medical physiology.
_91208
906 _a7
_bcbc
_corignew
_d1
_eecip
_f20
_gy-gencatlg
942 _2z
_cSLOAN